000 00693am a2200265a 44500
003 AR-BaBNM
005 20251128202711.0
008 250020s1978 #AR|||||||||||000 | spa||
020 _a92-3-301-534-3
040 _cAR-BaBNM
245 1 0 _aDel temor a la esperanza
_blos desafios del año 2000
260 _aParís
_bUnesco
_c1978
300 _a221 p.
490 0 _aActual
_vv. 1
504 _aBibliografía p. 217-221
650 4 _aPROBLEMAS SOCIALES
650 4 _aSIGLO VEINTIUNO
650 4 _aCULTURA
650 4 _aPROCESOS SOCIALES
650 4 _aCAMBIO SOCIAL
650 4 _aPAISES EN DESARROLLO
700 1 _aM'Bow, Amadou-Mahtar
_eprologuista
942 _cBK
998 _cCarmen
999 _c180
_d180